|
|
|
|
| LEADER |
01674nam a2200325 u 4500 |
| 001 |
10040918 |
| 003 |
upatras |
| 005 |
20210117195919.0 |
| 008 |
010904s2000 gr gre |
| 040 |
|
|
|a GR-PaULI
|c GR-PaULI
|
| 041 |
0 |
|
|a gre
|
| 082 |
0 |
4 |
|a 551
|
| 100 |
1 |
|
|9 29761
|a Ξυπολιάς, Παρασκευάς Χ.,
|d 1972-
|
| 245 |
1 |
0 |
|a Η κινηματική εξέλιξη της βόρειας Πελοποννήσου
|c Παρασκευά Χ. Ξυπολιά; Πανεπιστήμιο Πατρών, Σχολή Θετικών Επιστημών, Τμήμα Γεωλογίας
|
| 260 |
|
|
|a Πάτρα
|b [χ.ό.]
|c 2000
|
| 300 |
|
|
|a ii, 162 σ.
|b σχήμ., πίν., φωτ.
|c 30 εκ.
|
| 500 |
|
|
|a Διδακτορική διατριβή
|
| 504 |
|
|
|a Περιλαμβάνει βιβλιογραφία
|
| 650 |
|
4 |
|a Γεωλογία
|9 626
|
| 650 |
|
4 |
|a Γεωλογία
|z Ελλάδα
|9 7513
|
| 650 |
|
4 |
|a Γεωλογία, Στρωματογραφική
|9 5508
|
| 650 |
|
4 |
|a Κινηματική
|9 5242
|
| 710 |
2 |
|
|9 2771
|a Πανεπιστήμιο Πατρών
|b Σχολή Επιστημών Υγείας
|b Τμήμα Ιατρικής
|e Σχολή Θετικών Επιστημών
|e Τμήμα Γεωλογίας
|
| 852 |
|
|
|a GR-PaULI
|b ΠΑΤΡΑ
|b ΒΚΠ
|b ΒΣ2
|k ΔΙΑΤΡΙΒΗ
|h 551 Ξ
|m 064977
|p 025000104708
|t 1
|
| 856 |
|
|
|u http://thesis.ekt.gr/12549
|
| 942 |
|
|
|2 ddc
|c BKTD
|
| 952 |
|
|
|0 0
|1 0
|4 0
|6 551_000000000000000_Ξ
|7 0
|9 28212
|a LISP
|b LISP
|c BSC
|d 2016-04-24
|i 064977
|l 1
|m 1
|o 551 Ξ
|p 025000104708
|r 2018-04-25 00:00:00
|s 2018-03-21
|t 1
|w 2016-04-24
|y BKTD
|
| 998 |
|
|
|c ΠΑΝΑΓΟΠΟΥΛΟΥ
|d 2001-08
|
| 998 |
|
|
|c ΣΑΚΕΛΛΑΡΗ
|d 2001-08
|
| 999 |
|
|
|c 17928
|d 17928
|